History and philosophy of logic

Spremljeno u:
Bibliografski detalji
Glavni autor: Grattan-Guinness, Ivor (Autor)
Format: Knjiga
Jezik:engleski
Izdano: Kent Abacus Press 1980
Teme:
Oznake: Dodaj oznaku
Bez oznaka, Budi prvi tko označuje ovaj zapis!

MARC

LEADER 00000nam a2200000 a 4500
001 UCQ8685
003 CL-VaPUC
008 981217e19800000uk |||||||||||||||||eng|d
082 0 4 |a 160  |b GRA  |2 21 
100 |a Grattan-Guinness, Ivor  |e author  |9 582496 
245 1 0 |a History and philosophy of logic 
300 |a v 
942 |c BK 
945 |d 19981217 00:00:00  |a cmena 
260 |a Kent  |b Abacus Press  |c 1980 
600 0 7 |a WITTGENSTEIN, LUDWIG  |2 CL-VaPUC  |9 257080 
600 0 7 |a RUSSELL, BERTRAND  |2 CL-VaPUC  |9 323650 
600 0 7 |a CANTOR, GEORG  |2 CL-VaPUC  |9 422779 
650 0 |a Lógica  |9 256849 
650 0 |a Historia  |9 255047 
650 0 |a Filosofía   |9 223554 
650 0 |a Escuelas filosóficas   |9 266232 
650 0 |a Lógica matemática   |9 262442 
583 |a last modification  |c 20150511 03:59:33  |k Rodrigo Vera 
999 |c 277871  |d 277869 
952 |0 0  |1 0  |4 0  |6 160_000000000000000_GRA_1980  |7 0  |8 A  |9 316128  |a BIBMAT  |b BIBMAT  |d 2019-11-20  |h v.1  |i 1307614  |o 160 GRA 1980  |p 1307614  |r 2025-01-07  |w 2019-11-20  |y BK  |k MAT